Etudes de Droit Privé Normand (Record no. 71502)

MARC details
000 -LEADER
campo de control de longitud fija 00578nam a2200181 i 4500
001 - NÚMERO DE CONTROL
campo de control 71502
003 - IDENTIFICADOR DE NÚMERO DE CONTROL
campo de control ES-MaACL
007 - CAMPO FIJO DE DESCRIPCIÓN FÍSICA--INFORMACIÓN GENERAL
campo de control de longitud fija t|
008 - DATOS DE LONGITUD FIJA--INFORMACIÓN GENERAL
campo de control de longitud fija 040811s1930 fr ||||1| fre d
100 1# - ENTRADA PRINCIPAL--NOMBRE DE PERSONA
Nombre de persona Génestal, Robert.
9 (RLIN) 56302
245 10 - MENCIÓN DEL TÍTULO
Título Etudes de Droit Privé Normand
Resto del título : la tutelle /
Mención de responsabilidad, etc. Robert Génestal.
260 ## - PUBLICACIÓN, DISTRIBUCIÓN, ETC.
Lugar de publicación, distribución, etc. Caen :
Nombre del editor, distribuidor, etc. L. Jouan & R. Rigot,
Fecha de publicación, distribución, etc. 1930 (
Fabricante A. Olivier)
300 ## - DESCRIPCIÓN FÍSICA
Extensión 212 p. ;
Dimensiones 25 cm.
490 1# - MENCIÓN DE SERIE
Mención de serie Bibliothèque d'histoire du Droit Normand
830 0# - PUNTO DE ACCESO ADICIONAL DE SERIE-TÍTULO UNIFORME
Título uniforme Bibliothèque d'histoire du Droit Normand
9 (RLIN) 231073
852 ## - LOCALIZACIÓN
Ubicación ES-MaACL
Número de control de estantería C-7140
Holdings
Estatus retirado Estado de pérdida Estado de daño No para préstamo Biblioteca de origen Biblioteca actual Ubicación en estantería Fecha de adquisición Fuente de adquisición Total de préstamos Signatura topográfica completa Código de barras Visto por última vez Precio de reemplazo Tipo de ítem Koha
        Biblioteca del Ateneo de Madrid Biblioteca del Ateneo de Madrid Sala Palomar 17/01/2008     C-7140 1074859 23/02/2023 23/02/2023 Libro impreso